Blood brother: (Record no. 8224)

000 -LEADER
fixed length control field 00478nam a2200145 4500
008 - FIXED-LENGTH DATA ELEMENTS--GENERAL INFORMATION
fixed length control field 151009b xxu||||| |||| 00| 0 eng d
020 ## - INTERNATIONAL STANDARD BOOK NUMBER
International Standard Book Number 0060838574
050 ## - LIBRARY OF CONGRESS CALL NUMBER
Classification number SPE PR 6052 .B57 2007
100 ## - MAIN ENTRY--PERSONAL NAME
Personal name Bird, Anne.
Dates associated with a name 2005.
245 ## - TITLE STATEMENT
Title Blood brother:
Remainder of title 33 Reasons my brother Scott Peterson is guilty.
Statement of responsibility, etc. Anne Bird.
260 ## - PUBLICATION, DISTRIBUTION, ETC. (IMPRINT)
Place of publication, distribution, etc. USA:
Name of publisher, distributor, etc. Regan books,
Date of publication, distribution, etc. 2005.
300 ## - PHYSICAL DESCRIPTION
Extent 214 p.
650 ## - SUBJECT ADDED ENTRY--TOPICAL TERM
Topical term or geographic name as entry element English fiction.
942 ## - ADDED ENTRY ELEMENTS (KOHA)
Source of classification or shelving scheme
Koha item type Short Loan Books
Classification part SPE PR 6052 .B57 2007
Koha issues (borrowed), all copies 1
Holdings
Withdrawn status Lost status Source of classification or shelving scheme Damaged status Not for loan Home library Current library Shelving location Date acquired Source of acquisition Total Checkouts Full call number Barcode Date last seen Date last checked out Price effective from Koha item type
          MACHAKOS UNIVERSITY LIBRARY MACHAKOS UNIVERSITY LIBRARY Special Collection 09/10/2015 Donation(B.F.A) 3 SPE PR 6052 .B57 2007 11814 11/10/2023 04/10/2023 09/10/2015 Special Collection
© Machakos University Library, Along The Highway, Machakos Wote Rd, Machakos, Kenya P.O. Box 136 - 90100 Machakos - Kenya

Tel: ( +254 ) 723 805829 OR Fax : 044-20353 OR Email: library@mksu.ac.ke